Estudio y comprensión de la naturaleza. 5§ año básico. Texto para el estudiante
Uloženo v:
| Hlavní autoři: | , |
|---|---|
| Médium: | Kniha |
| Jazyk: | španělština |
| Vydáno: |
Santiago
RB
2007
|
| Témata: | |
| Tagy: |
Přidat tag
Žádné tagy, Buďte první, kdo vytvoří štítek k tomuto záznamu!
|
MARC
| LEADER | 00000nam a2200000 a 4500 | ||
|---|---|---|---|
| 001 | UCI5619 | ||
| 003 | CL-VaPUC | ||
| 008 | 080404e20070000CL |||||||||||||||||spa|d | ||
| 020 | |a 9789568694005 | ||
| 082 | 0 | 4 | |a 372.357 |b URI |2 21 |
| 100 | 0 | |a Uribe Martínez, Rosa |e author |9 528145 | |
| 700 | 0 | |a Soto Arteaga, Francisco |e author |9 528146 | |
| 245 | 1 | 0 | |a Estudio y comprensión de la naturaleza. 5§ año básico. Texto para el estudiante |
| 300 | |a 184 p | ||
| 942 | |c BK | ||
| 945 | |d 20080404 00:00:00 |a rbrito | ||
| 260 | |a Santiago |b RB |c 2007 | ||
| 650 | 0 | |a Enseñanza de las ciencias |9 331919 | |
| 650 | 0 | |a Ciencias naturales |9 260542 | |
| 650 | 0 | |a Educación básica |9 224933 | |
| 583 | |a last modification |c 20130527 14:36:14 |k Rodrigo Vera | ||
| 999 | |c 329359 |d 329357 | ||
| 952 | |0 0 |1 0 |4 0 |6 372_357000000000000_URI_2007 |7 0 |8 A |9 413903 |a BIBEDU |b BIBEDU |d 2019-11-22 |i 4462858 |o 372.357 URI 2007 |p 4462858 |r 2019-11-22 |w 2019-11-22 |y BK |k EDU | ||